Landscape ecology
Αποθηκεύτηκε σε:
| Κύριος συγγραφέας: | |
|---|---|
| Άλλοι συγγραφείς: | |
| Μορφή: | Βιβλίο |
| Γλώσσα: | English |
| Δημοσίευση: |
New York :
John Wiley ,
1986
|
| Θέματα: | |
| Ετικέτες: |
Προσθήκη ετικέτας
Δεν υπάρχουν, Καταχωρήστε ετικέτα πρώτοι!
|
MARC
| LEADER | 00000nam a2200000 i 4500 | ||
|---|---|---|---|
| 001 | 1/6018 | ||
| 008 | 960621s1986 eng d | ||
| 020 | |a 0-471-87037-4 | ||
| 035 | |l 10016208 | ||
| 040 | |a GR-MY-UA |b gre |e aacr | ||
| 041 | 0 | |a eng | |
| 082 | 0 | |a 712 | |
| 100 | 1 | |a Forman, Richard T. T. | |
| 245 | 1 | 0 | |a Landscape ecology / |c Richard T. T. Forman and Michel Godron |
| 260 | |a New York : |b John Wiley , |c 1986 | ||
| 300 | |a 619 p. |b ill., tables, maps, fig. | ||
| 504 | |a Includes index | ||
| 650 | 0 | 0 | |a Ecology. |
| 650 | 0 | 0 | |a Landscape protection. |
| 650 | 0 | 0 | |a Human ecology. |
| 700 | 1 | |a Godron, Michel. | |
| 852 | |a INST |b LESVOS |e 19960621 |h 712 FOR |p 005100009883 |q 005100009883 |t BK |y 0 | ||
| 909 | |a Λ |b 021229 | ||